MLB players with 100+ RBIs 2022 - Statistics

General Stats
  • This quiz has been taken 22 times
  • The average score is 6 of 13
Answer Stats
RBI Name % Correct
131 Aaron Judge
85%
100 Freddie Freeman
70%
131 Pete Alonso
65%
100 Trea Turner
60%
103 Nolan Arenado
55%
102 Manny Machado
50%
115 Paul Goldschmidt
50%
103 Matt Olson
45%
107 Francisco Lindor
40%
126 Jose Ramirez
30%
107 Kyle Tucker
30%
101 Adolis Garcia
25%
102 CJ Cron
15%
No matching quizzes found
Score Distribution
Percent of People with Each Score
Percentile by Number Answered
Your Score History
You have not taken this quiz